| 000 | 02141nam a2200313 a 4500 | ||
|---|---|---|---|
| 001 | BRCA_2478 | ||
| 005 | 20190320203829.0 | ||
| 008 | 211108s1839----sp-a---###---#000-0dspa-u | ||
| 041 | _aspa | ||
| 044 | _asp | ||
| 084 |
_a118 _b.B47 _c1839 |
||
| 100 | 1 |
_aCervantes Saavedra, Miguel de _d1547-1616 _9213 |
|
| 245 | 1 | 0 |
_aEl Ingenioso Hidalgo Don Quijote de la Mancha _ccompuesto por Miguel de Cervantes Saavedra. |
| 260 |
_aBarcelona _bAntonio Bergnes _c1839 |
||
| 300 |
_a2 v. _bil. _c26 cm. |
||
| 500 | _aContenido : v 1. Primera parte. Retrato de Cervantes. Noticia sobre la vida y escritos de Cervantes, traducción de la que escriben en francés Viardot. Dedicatoria del autor. Prólogo del autor. Versos preliminares. Texto. -- v 2. Segunda parte. Dedicatoria del autor. Prólogo del autor. Texto | ||
| 500 | _aEdición : Edición adornada con 800 láminas repartidas por el contexto | ||
| 500 | _aLa presente edición es notable por su impresión irreprochable y el breve, pero importante esbozo de la vida de Cervantes, escrito por el propiamente hispanista francés Luis Viardot, vertido al español. Sigue el texto de la edición de 1832 del mismo editor Bergnes. Pero, siendo el propósito de este úl Lúdtimo dar a conocer en España los famosos dibujos de Tony Johannot, estampados en la edición francesa de París, en 1836-37, conservó los mismos tipos, papel, frontispicios y viñetas, con cuyos elementos hizo una impresión excelente. Es la primera edición española impresa con los numerosísimos dibujos de Tony Johannot, merced a los cuales vieron a D. Quijote millones de hombres, tanto en Europa como en América Lúdovik Osterc | ||
| 500 | _aQM100 | ||
| 650 | 1 | 4 |
_aNovela española _yÉpoca clásica, 1500-1700 _9215 |
| 650 | 1 | 4 |
_aLiteratura española _yÉpoca clásica, 1500-1700 _9216 |
| 650 | 1 | 4 |
_aNovela española _ySiglo XVII _9217 |
| 650 | 1 | 4 |
_aDon Quijote (Personaje ficticio) _eNovela _9218 |
| 700 | 1 |
_aViardot, Luis _d1800-1883 _eBiógrafo _97172 |
|
| 700 | 1 |
_aJohannot, Tony _d1803-1852 _eIlustrador _97173 |
|
| 740 | 0 | _aEl Ingenioso Hidalgo Don Quijote de la Mancha | |
| 902 | _aQFM | ||
| 942 |
_2lcc _cB |
||
| 999 |
_c2219 _d2219 |
||